000
00447nam a2200145Ia 4500
008
090124s9999 xx 000 0 und d
082
_b
300883
245
_a
गंध होता चंदनाला
250
_a
1
260
_b
अष्टीकर मंदाकिनी
_c
1982
300
_a
212
630
_a
गंध होता चंदनाला
730
_a
गंध होता चंदनाला
942
_c
BOOK
999
_c
190437
_d
190437